MLB Mascots - Statistics

General Stats
  • This quiz has been taken 47 times
  • The average score is 12 of 28
Answer Stats
Picture Answer % Correct
Ace
71%
Louseal
65%
Mr. and Mrs. Met
65%
Blooper
61%
Dinger
61%
Fredbird
61%
Baxter
58%
Clark
58%
Orbit
58%
Mariner Moose
52%
Billy the Marlin
48%
Mr. Red
45%
Paws
45%
Oriole Bird
42%
Raymond
42%
Pirate Parrot
39%
Screech
39%
Captain
35%
DJ Kitty
32%
Barrelman
29%
Stomper
29%
Wally the Green Monster
29%
T.C. Bear
26%
Gapper
23%
Slider
23%
Slugerrr
23%
Southpaw
23%
Phillie and Phoebe Phanatic
13%
No matching quizzes found
Score Distribution
Percent of People with Each Score
Percentile by Number Answered
Your Score History
You have not taken this quiz